New constitution, same old challenges: (Record no. 52612)
[ view plain ]
| 000 -LEADER | |
|---|---|
| fixed length control field | 00488 a2200133 4500 |
| 008 - FIXED-LENGTH DATA ELEMENTS--GENERAL INFORMATION | |
| fixed length control field | 180406b xxu||||| |||| 00| 0 eng d |
| 020 ## - INTERNATIONAL STANDARD BOOK NUMBER | |
| International Standard Book Number | 9789966191267 |
| 050 ## - LIBRARY OF CONGRESS CALL NUMBER | |
| Classification number | JQ2947.A95 |
| Item number | N49 2015 |
| 245 ## - TITLE STATEMENT | |
| Title | New constitution, same old challenges: |
| Remainder of title | Reflections on Kenya's 2013 general elections |
| Statement of responsibility, etc | edited by Fred Otieno. |
| 260 ## - PUBLICATION, DISTRIBUTION, ETC. (IMPRINT) | |
| Name of publisher, distributor, etc | Society for International Development (SID), |
| Date of publication, distribution, etc | c2015 |
| Place of publication, distribution, etc | Nairobi : |
| 300 ## - PHYSICAL DESCRIPTION | |
| Extent | 307 p : |
| Other physical details | illustrations ; |
| Dimensions | 25cm. |
| 650 ## - SUBJECT ADDED ENTRY--TOPICAL TERM | |
| Topical term or geographic name as entry element | Elections |
| Geographic subdivision | Kenya. |
| 942 ## - ADDED ENTRY ELEMENTS (KOHA) | |
| Item type | Book |
| Source of classification or shelving scheme | Library of Congress Classification |
| Withdrawn status | Lost status | Source of classification or shelving scheme | Damaged status | Not for loan | Collection code | Home library | Current library | Shelving location | Date acquired | Source of acquisition | Cost, normal purchase price | Total Checkouts | Full call number | Barcode | Date last borrowed | Copy number | Price effective from | Koha item type |
|---|---|---|---|---|---|---|---|---|---|---|---|---|---|---|---|---|---|---|
| Library of Congress Classification | Non-fiction | Bishop Okullu Memorial Library (Limuru Campus) | Bishop Okullu Memorial Library (Limuru Campus) | General Circulation | 06/04/2018 | Purchase | 2000.00 | 2 | JQ2947.A95 N49 2015 | 058772 | 08/11/2019 | 1 | 06/04/2018 | Book |